000 00393nmm a2200145Ia 4500
008 251105s9999||||xx |||||||||||||||||und||
041 _aspa
100 _aPollina, Carme
245 0 _aRelatas
264 _a[Madrid, España] :
_bEditorial Egales,
_c2019
300 _a248 páginas
650 _aSpanish narrative
856 _uhttps://public.digitaliapublishing.com/a/158417
942 _cCF
999 _c106651
_d106651